ბათუმის შოთა რუსთაველის სახელმწიფო უნივერსიტეტის ბიბლიოთეკა

არტერიული თრომბოზების გენეტიკური ასპექტები აჭარის პოპულაციაში / (ბიბ.ჩანაწერი № 56942)

000 -ლიდერი
ფიქსირებული სიგრძის საკონტროლო ველი 01624nam a22002417a 4500
003 - საკონტროლო ნომრის იდენტიფიკატორი
საკონტროლო ველი Ge_BSU
005 - ბოლო ოპერაციის თარიღი და დრო
საკონტროლო ველი 20221221152032.0
008 - ფიქსირებული სიგრძის მონაცემთა ელემენტები - ზოგადი ინფორმაცია
ფიქსირებული სიგრძის საკონტროლო ველი 190701s2019 ge ||||| |||| 00| 0 geo d
041 ## - ენის კოდი
Language code of text/sound track or separate title geo
080 ## - უნივერსალური ათობითი კლასიფიკაციის ინდექსი
Universal Decimal Classification number 61 გ-21
100 ## - მთავარი ჩანაწერი - პიროვნების სახელი
Personal name გარაყანიძე, სოფიო.
9 (RLIN) 3146
245 ## - ცნობა სათაურის შესახებ
Title არტერიული თრომბოზების გენეტიკური ასპექტები აჭარის პოპულაციაში /
Remainder of title სოფიო გარაყანიძე; სამეცნ.ხელმძღ. მარინა ქორიძე; ნონა კაკაურიძე.
264 ## - წარმოების, გამოცემის, დისტრიბუციის და სხვა ცნობები
გამოცემის, წარმოების, დისტრიბუციის... ადგილი ბათუმი :
გამოცემის, წარმოების, დისტრიბუციის... სახელწოდება შოთა რუსთაველის სახელმწიფო უნ-ტი,
გამოცემის, წარმოების, დისტრიბუციის... თარიღი 2019.
300 ## - ფიზიკური აღწერა
Extent 120 გვ;
Dimensions 30 სმ.
653 ## - INDEX TERM--UNCONTROLLED
Uncontrolled term მედიცინა
653 ## - INDEX TERM--UNCONTROLLED
Uncontrolled term გენეტიკა
653 ## - INDEX TERM--UNCONTROLLED
Uncontrolled term დისერტაცია
700 ## - ADDED ENTRY--PERSONAL NAME
Personal name ქორიძე , მარინა
Relator term სამეცნიერო ხელმძღვანელი
9 (RLIN) 1110
700 ## - ADDED ENTRY--PERSONAL NAME
Personal name კაკაურიძე, ნონა
Relator term სამეცნიერო ხელმძღვანელი
9 (RLIN) 3147
710 ## - ADDED ENTRY--CORPORATE NAME
Corporate name or jurisdiction name as entry element ბათუმის შოთა რუსთაველის სახელმწიფო უნივერსიტეტი
9 (RLIN) 3148
710 ## - ADDED ENTRY--CORPORATE NAME
Corporate name or jurisdiction name as entry element საბუნებისმეტყველო მეცნიერებათა და ჯანდაცვის ფაკულტეტი ბიოლოგიის დეპარტამენტი
9 (RLIN) 2891
942 ## - ADDED ENTRY ELEMENTS (KOHA)
Source of classification or shelving scheme
Koha item type დისერტაცია
ეგზემპლარები
ჩამოწერის სტატუსი დაკარგული ეგზემპლარის სტატუსი კლასიფიკაციის წყარო ან თაროზე გაწყობის სქემა დაზიანების სტატუსი არ გაიცემა მუდმივი მდებარეობა (დაცვის ადგილი) ამჟამინდელი ადგილსამყოფელი თაროზე განთავსების ადგილი შეძენის თარიღი სრული შენახვის შიფრი შტრიხკოდი ბოლო ოპერაციის თარიღი ეგზემპლარის მიმდევრობითი ნომერი (კეტერი?) ფასის ძალაში შესვლის თარიღი ეგზემპლარის სახეობა
          ბათუმის შოთა რუსთაველის სახელმწიფო უნივერსიტეტის მთავარი ბიბლიოთეკა ბათუმის შოთა რუსთაველის სახელმწიფო უნივერსიტეტის მთავარი ბიბლიოთეკა წიგნსაცავი 2019-07-01 61 გ-21 დისერტაცია 317 2019-07-01 დისერტაცია 317 2019-07-01 დისერტაცია